| 000 | 00649nam a2200181Ia 4500 | ||
|---|---|---|---|
| 005 | 20250423101545.0 | ||
| 008 | 250422s9999 xx 000 0 und d | ||
| 020 | _a9789350145661 | ||
| 050 | _aTE 175 .T73/ | ||
| 100 | _aEdited by Yang Xiaoguang; Bai Yu; Ma Wanjing & Shao Haipeng | ||
| 245 | 0 | _aTraffic Design | |
| 260 | _aNew Delhi | ||
| 260 | _bS. K. Kataria & Sons | ||
| 260 | _c2014 | ||
| 300 | _a425 p | ||
| 650 | _a Roads--Pictorial works. Roadside architecture--Pictorial works. Parking garages--Pictorial works. Bridges--Pictorial works. Tunnels--Pictorial works. Streetscapes (Urban design) | ||
| 942 | _cBK | ||
| 999 |
_c36632 _d36632 |
||